Obce okresu Nový Jičín - Statistics

General Stats
  • This quiz has been taken 60 times
  • The average score is 27 of 54
Answer Stats
Obyvatelé Obec % Correct
21 851 Kopřivnice
93%
23 260 Nový Jičín
93%
8 476 Příbor
88%
2 482 Mořkov
79%
755 Mošnov
79%
1 731 Hodslavice
76%
9 477 Studénka
76%
5 592 Fulnek
74%
7 285 Odry
74%
1 626 Sedlnice
74%
3 464 Štramberk
74%
585 Bílov
71%
1 252 Rybí
71%
2 896 Starý Jičín
71%
7 394 Bílovec
69%
10 837 Frenštát pod Radhoštěm
69%
1 983 Veřovice
64%
1 837 Kunín
60%
1 571 Lichnov
60%
2 082 Šenov u Nového Jičína
60%
1 092 Ženklava
60%
1 710 Libhošť
57%
1 803 Petřvald
57%
835 Skotnice
57%
2 701 Suchdol nad Odrou
55%
787 Hostašovice
52%
1 836 Tichá
52%
1 079 Závišice
52%
1 972 Jeseník nad Odrou
48%
705 Albrechtičky
45%
2 697 Trojanovice
43%
661 Životice u Nového Jičína
43%
997 Hladké Životice
40%
850 Vražné
40%
614 Bordovice
38%
1 003 Bernartice nad Odrou
36%
1 626 Jistebník
36%
656 Kateřinice
36%
1 737 Bartošovice
33%
973 Bravantice
31%
534 Kujavy
29%
568 Mankovice
29%
976 Pustějov
29%
954 Tísek
29%
216 Vrchy
29%
458 Bítov
26%
1 153 Velké Albrechtice
26%
744 Trnávka
24%
166 Heřmánky
19%
787 Slatina
19%
895 Spálov
19%
338 Heřmanice u Oder
17%
376 Luboměř
17%
642 Jakubčovice nad Odrou
14%
No matching quizzes found
Score Distribution
Percent of People with Each Score
Percentile by Number Answered
Your Score History
You have not taken this quiz